000 01820cam a22005534a 4500
001 12518654
005 20180215085417.0
008 010829m20029999ctua d b 001 0 eng
010 _a 2001053234
020 _a0717256383 (set : v. 16)
020 _a0717256391 (v. 1)
020 _a0717256405 (v. 2)
020 _a0717256413 (v. 3)
020 _a0717256421 (v. 4)
020 _a071725643X (v. 5)
020 _a0717256448 (v. 6)
020 _a0717257533 (set : v. 712)
020 _a0717257541 (v. 7)
020 _a071725755X (v. 8)
020 _a0717257568 (v. 9)
020 _a0717257576 (v. 10)
020 _a0717257584 (v. 11)
020 _a0717257592 (v. 12)
020 _a0717259277 (set : v. 1318)
020 _a0717259307 (v. 13)
020 _a0717259293 (v. 14)
020 _a0717259315 (v. 15)
020 _a0717259285 (v. 16)
020 _a0717259323 (v. 17)
020 _a0717259331 (v. 18)
020 _a071725951X (v. 19)
020 _a0717259528 (v. 20)
020 _a0717259544 (v. 21)
020 _a0717259532 (v. 22)
020 _a0717259552 (v. 23)
020 _a0717259560 (v. 24)
040 _aDLC
_cDLC
_dDLC
041 _aeng
042 _apcc
_alcac
080 _a361.1 PLO
082 0 0 _a361.1 PLO
_221
100 _a50
101 _aSOC
245 0 0 _aPro/con /
_c[editors, Sally McFall ... et al.].
504 _aIncludes bibliographical references and indexes.
906 _a7
_bcbc
_corignew
_d1
_eocip
_f20
_gy-gencatlg
942 _2ddc
_cBK
999 _c42686
_d42686